Statistics for Beatles Menagerie

Click here to take the quiz!

General Stats

  • This quiz has been taken 70 times
  • The average score is 15 of 22

Answer Stats

HintAnswer% Correct
"I'd like to be under the sea..."Octopus's Garden
95%
"Take these broken wings and learn to fly..."Blackbird
93%
"Goo goo g'joob!"I am the Walrus
90%
From the same song as above, "Yellow matter custard..."Dog ("...dripping from a dead dog's eye...")
88%
"Now somewhere in the black mining hills of Dakota..."Rocky Raccoon
83%
"Everybody's got something to hide execpt me and my..."Monkey
81%
"I was alone, this bird had flown..."Norwegian Wood
79%
Animal who waltzes for the benefit of Mr. KiteHenry the Horse
78%
From the same song as above, "See how they run...see how they fly..."Pigs ("...like pigs from a gun")
74%
"If you're lonely you can talk to me..."Hey Bulldog
67%
"There were birds in the sky, but I never saw them winging..."Till There Was You
67%
"Here's another clue for you all: The walrus was Paul."Glass Onion
66%
"Four of fish and finger pies..."Penny Lane
66%
"There's a fog upon L.A. All my friends have lost their way..."Blue Jay Way
62%
One of two animals mentioned in "The Continuing Story of Bungalow Bill"Elephant
62%
The other animal mentioned in "The Continuing Story of Bungalow Bill"Tiger
59%
"In their lives there's something lacking. What they need's a damn good whacking!"Piggies
53%
"You tell me you've got everything you want..."And Your Bird Can Sing
52%
From the same song as above, another breed associated with EnglandSheepdog
50%
"Well, you can celebrate anything you want..."Dig a Pony
48%
From the same song as above, a very loud amphibianBullfrog
47%
"I'm going to love her till the cows come home..."When I Get Home
22%

Score Distribution

Percentile by Number Answered

Percent of People with Each Score

Your Score History

You have not taken this quiz